Yo, Jean-Jacques Rousseau / (Registro nro. 7246)
[ vista simple ]
| 000 -CABECERA | |
|---|---|
| Longitud fija campo de control | 01154nam a22003138a 4500 |
| 003 - • IDENTIFICADOR DELl NÚMERO DE CONTROL | |
| Identificador del número de control | CO-ViMGA |
| 005 - • FECHA Y HORA DE LA ÚLTIMA TRANSACCIÓN | |
| Fecha y hora de la última transacción | 20230915233609.0 |
| 008 - • CÓDIGOS DE INFORMACIÓN DE LONGITUD FIJA | |
| Códigos de información de longitud fija | 151008s2015 ck a gr 00010 fre d |
| 020 ## - • NÚMERO INTERNACIONAL NORMALIZADO PARA LIBROS | |
| Número Internacional Normalizado para Libros (ISBN) | 9789583045486 |
| 040 ## - FUENTE DE LA CATALOGACIÓN | |
| Centro catalogador de origen | CO-ViMGA |
| Lengua de catalogación | spa |
| Centro transcriptor | CO-ViMGA |
| 043 ## - CÓDIGO DE ÁREA GEOGRÁFICA | |
| Código de área geográfica | e-fr--- |
| 082 04 - • NÚMERO DE LA CLASIFICACIÓN DECIMAL DEWEY | |
| Número de clasificación (R) | 194 |
| Número del ítem | C44y |
| Número de edición | 21 |
| 100 1# - • PUNTO DE ACCESO PRINCIPAL-NOMBRE DE PERSONA | |
| Nombre de persona | Chirouter, Edwige. |
| 245 10 - • TITULO PROPIAMENTE DICHO | |
| Título | Yo, Jean-Jacques Rousseau / |
| Mención de responsabilidad, etc. | Edwige Chirouter ; ilustrado por Mayumi Otero ; traductor Ernesto Camacho. |
| 250 ## - • MENCIÓN DE EDICIÓN | |
| Mención de edición | Editor Cesar Alberto Cardozo Tovar. |
| 300 ## - • DESCRIPCIÓN FÍSICA | |
| Extensión | 64 pag̀inas : |
| Otras características físicas | ilustraciones ; |
| Dimensiones | 21 cm. |
| 600 14 - • PUNTO DE ACCESO ADICIONAL DE MATERIA - NOMBRE DE PERSONA | |
| Nombre de persona | Rousseau, Jean Jacques, |
| Fechas asociadas al nombre | 1712-1778 |
| Subdivisión de materia general (R ) | Critica e interpretación. |
| 600 14 - • PUNTO DE ACCESO ADICIONAL DE MATERIA - NOMBRE DE PERSONA | |
| Nombre de persona | Rousseau, Jean Jacques, |
| Fechas asociadas al nombre | 1712-1778 |
| Subdivisión de materia general (R ) | Pensamiento filosófico. |
| 650 14 - • PUNTO DE ACCESO ADICIONAL DE MATERIA - TÉRMINO DE MATERIA | |
| Término de materia o nombre geográfico como elemento inicial | Contrato social. |
| 650 14 - • PUNTO DE ACCESO ADICIONAL DE MATERIA - TÉRMINO DE MATERIA | |
| Término de materia o nombre geográfico como elemento inicial | Filosofia francesa. |
| 650 14 - • PUNTO DE ACCESO ADICIONAL DE MATERIA - TÉRMINO DE MATERIA | |
| Término de materia o nombre geográfico como elemento inicial | Filosofia para niños. |
| 650 14 - • PUNTO DE ACCESO ADICIONAL DE MATERIA - TÉRMINO DE MATERIA | |
| Término de materia o nombre geográfico como elemento inicial | Filosofia |
| Subdivisión de materia general | Enseñanza. |
| 700 1# - • PUNTO DE ACCESO ADICIONAL - NOMBRE DE PERSONA | |
| Nombre de persona | Camacho, Ernesto, |
| Término indicativo de función | traductor. |
| 700 1# - • PUNTO DE ACCESO ADICIONAL - NOMBRE DE PERSONA | |
| Nombre de persona | Cardozo Tovar, Cesar A, |
| Término indicativo de función | editor. |
| 700 1# - • PUNTO DE ACCESO ADICIONAL - NOMBRE DE PERSONA | |
| Nombre de persona | Otero, Mayumi, |
| Término indicativo de función | ilustradora. |
| 942 ## - ENTRADA DE ELEMENTOS AGREGADOS (KOHA) | |
| Fuente de clasificaión o esquema | Dewey Decimal Classification |
| Koha [por defecto] tipo de item | LIbro |
| Perdido | Fuente de clasificación o esquema | Estado Físico | No para préstamo | Forma de adquisición | Localización permanente | Localización actual | Fecha adquisición | Préstamos totales | Signatura completa | Código de barras | Fecha última consulta | Fecha del precio de reemplazo | Tipo de item de Koha |
|---|---|---|---|---|---|---|---|---|---|---|---|---|---|
| Dewey Decimal Classification | Sala General Segundo Piso | Biblioteca Pública Germán Arciniegas - Villavicencio | Biblioteca Pública Germán Arciniegas - Villavicencio | 03/17/2020 | 194 C44y | 32151 | 03/17/2020 | 03/17/2020 | LIbro | ||||
| Dewey Decimal Classification | Sala General Segundo Piso | Biblioteca Pública Germán Arciniegas - Villavicencio | Biblioteca Pública Germán Arciniegas - Villavicencio | 03/17/2020 | 194 C44y | 32152 | 03/17/2020 | 03/17/2020 | LIbro |